[Event "Challenge"]
[Site "http://www.queenalice.com/game.php?id=810617"]
[Date "2010.7.29"]
[Round "-"]
[White "krazyking"]
[Black "Esvir"]
[Result "1-0"]
[WhiteElo "1809"]
[BlackElo "1901"]

1. e4 e5 2. Nf3 Nc6 3. Nc3 Nf6 4. Bb5 a6 5. Bxc6 bxc6 6. Nxe5 Qe7 7. d4 d6 8.
Nf3 Nxe4 9. Nxe4 Qxe4+ 10. Be3 c5 11. O-O cxd4 12. Qxd4 Qxd4 13. Bxd4 c5 14.
Rfe1+ Be6 15. Ng5 h6 16. Nxe6 fxe6 17. Bc3 e5 18. Rad1 Kd7 19. b3 Be7 20. Bxe5
Rhg8 21. Bc3 a5 22. a4 g5 23. Bd2 d5 24. Bc1 d4 25. c3 Bf6 26. Bb2 Kc6 27. Re6+
Kd5 28. Rxf6 Rae8 29. Rf5+ Ke4 30. Rxc5 dxc3 31. f3+ Ke3 32. Rxc3+ Ke2 33. Rdc1
Rd8 34. R1c2+ Kd1 35. Rf2 Rc8 36. Rd3+ Ke1 37. Bc3+ Rxc3 38. Rxc3 1-0

[Event "Let's get Krazy"]
[Site "http://www.queenalice.com/game.php?id=815227"]
[Date "2010.8.9"]
[Round "-"]
[White "krazyking"]
[Black "AFA1961"]
[Result "0-1"]
[WhiteElo "1812"]
[BlackElo "2141"]

1. e4 c5 2. Bc4 Nc6 3. Nc3 Nf6 4. Nf3 e6 5. a3 d5 6. exd5 exd5 7. Qe2+ Be7 8.
Bb5 O-O 9. O-O Re8 10. Bxc6 bxc6 11. Qd1 Bd6 12. Re1 Rxe1+ 13. Qxe1 Bg4 14. Qd1
Qe7 15. h3 Bxf3 16. gxf3 Qe5 17. Kf1 Qh2 18. Ne2 Qxh3+ 0-1

[Event "Challenge"]
[Site "http://www.queenalice.com/game.php?id=818566"]
[Date "2010.8.15"]
[Round "-"]
[White "Esvir"]
[Black "krazyking"]
[Result "1/2-1/2"]
[WhiteElo "1877"]
[BlackElo "1796"]

1. c4 e5 2. Nc3 Nc6 3. Nf3 Nf6 4. e4 Bc5 5. h3 O-O 6. a3 a6 7. b4 Bd4 8. Bb2
Nxe4 9. Nxd4 Nxc3 10. dxc3 exd4 11. cxd4 Re8+ 12. Be2 d6 13. d5 Ne7 14. O-O Bf5
15. Qd4 f6 16. Bh5 Bg6 17. Bxg6 Nxg6 18. Rae1 Rxe1 19. Rxe1 Qd7 20. c5 Re8 21.
Rxe8+ Qxe8 22. cxd6 cxd6 23. Qb6 Qd7 24. a4 Qxa4 25. Qxb7 Qd1+ 26. Kh2 Qd2 27.
Ba3 Qxf2 28. Qxa6 Qf4+ 29. Kg1 Qd4+ 30. Kh1 Qd1+ 31. Kh2 Qxd5 32. b5 Qe5+ 33.
Kh1 Qe1+ 34. Kh2 Qe5+ 35. Kh1 Qe1+ 36. Kh2 Qe5+ 1/2-1/2

[Event "Challenge"]
[Site "http://www.queenalice.com/game.php?id=818570"]
[Date "2010.8.15"]
[Round "-"]
[White "ORNELAS"]
[Black "krazyking"]
[Result "1-0"]
[WhiteElo "1660"]
[BlackElo "1818"]

1. b3 e5 2. d4 f6 3. dxe5 fxe5 4. Bb2 Nc6 5. Nd2 d6 6. Ngf3 Bg4 7. h3 Bxf3 8.
Nxf3 Qe7 9. e4 O-O-O 10. Qd2 Nf6 11. O-O-O Nxe4 12. Qe3 Nf6 13. Bb5 Nb8 14. Qxa7
Ne4 15. Qe3 Nf6 16. Qc3 Ne4 17. Qe1 Nf6 18. Qb4 Ne4 19. Qxe4 g6 20. Rd3 Bh6+ 21.
Kb1 Nd7 22. Rhd1 Nc5 23. Qd5 Nxd3 24. Rxd3 c6 25. Bxc6 bxc6 26. Qxc6+ Qc7 27.
Qa8+ Kd7 28. Qa4+ Ke7 29. Qh4+ Ke6 30. Qxh6 Ra8 31. Ng5+ Kd7 32. Rd1 Kc8 33. Ne6
Qa7 34. Qd2 Qxa2+ 35. Kc1 Ra6 36. Qc3+ Kb8 37. Kd2 Rc8 38. Qb4+ Ka8 39. Qe4+
Rac6 40. Ra1 1-0

[Event "Challenge"]
[Site "http://www.queenalice.com/game.php?id=818818"]
[Date "2010.8.15"]
[Round "-"]
[White "QueenFrance"]
[Black "krazyking"]
[Result "1-0"]
[WhiteElo "2078"]
[BlackElo "1801"]

1. Nf3 d5 2. d4 Nc6 3. Bf4 Bf5 4. c3 Nf6 5. h3 h6 6. Nbd2 Qd7 7. e3 O-O-O 8. Bb5
e6 9. Ba4 Ne4 10. Ne5 Nxe5 11. Bxd7+ Rxd7 12. Bxe5 Nxd2 13. Qxd2 f6 14. Bh2 g5
15. f3 Rg8 16. g4 Bh7 17. O-O-O Bg7 18. Rhf1 f5 19. Qc2 Bf6 20. Qa4 a6 21. Qa5
Bd8 22. Qa4 fxg4 23. hxg4 Bg6 24. c4 dxc4 25. Qxc4 Rgg7 26. e4 Bf7 27. Be5 Rh7
28. Rd3 h5 29. gxh5 Rxh5 30. Qc5 b6 31. Qc6 Rh6 32. Qa8# 1-0

[Event "Challenge"]
[Site "http://www.queenalice.com/game.php?id=818819"]
[Date "2010.8.15"]
[Round "-"]
[White "krazyking"]
[Black "QueenFrance"]
[Result "0-1"]
[WhiteElo "1782"]
[BlackElo "2094"]

1. d4 d5 2. Nf3 e6 3. Nc3 Nf6 4. e3 Nbd7 5. Bb5 c6 6. Ba4 Be7 7. O-O b5 8. Bb3
a5 9. a3 a4 10. Ba2 Ba6 11. Re1 O-O 12. Ne2 Bd6 13. b4 e5 14. dxe5 Nxe5 15. Nxe5
Bxe5 16. Rb1 Qc7 17. g3 Rad8 18. Bb2 Bxb2 19. Rxb2 Bc8 20. c3 Bg4 21. Qd4 Rfe8
22. Qd1 Qd7 23. Qc1 Bf3 24. Nd4 Bg4 25. Bb1 Bh3 26. Bd3 Qc8 27. Bf1 Bd7 28. Bg2
Ne4 29. Bxe4 dxe4 30. Rd2 Bg4 31. Ne2 Bf3 32. Rxd8 Rxd8 33. Rd1 Bxe2 34. Rxd8+
Qxd8 35. h4 Qd1+ 36. Qxd1 Bxd1 37. Kf1 f6 38. Ke1 Bf3 39. Kd2 g5 40. hxg5 fxg5
41. Ke1 h5 42. Kf1 Kf7 43. Kg1 Ke6 44. Kf1 Kd5 45. Ke1 Kc4 46. Kd2 h4 47. gxh4
gxh4 0-1

[Event "Best of 3"]
[Site "http://www.queenalice.com/game.php?id=827994"]
[Date "2010.9.4"]
[Round "-"]
[White "scaramouche"]
[Black "krazyking"]
[Result "1/2-1/2"]
[WhiteElo "1833"]
[BlackElo "1799"]

1. e4 e5 2. f4 d6 3. Nf3 Bg4 4. Bc4 Bxf3 5. Qxf3 Nf6 6. O-O Nc6 7. Bb5 Qd7 8. d3
a6 9. fxe5 dxe5 10. Bxc6 Qxc6 11. Nc3 Bc5+ 12. Kh1 Qe6 13. Nd5 Nxd5 14. exd5 Qd7
15. c4 f6 16. Be3 Bxe3 17. Qxe3 O-O 18. b3 Qd6 19. d4 Rfe8 20. dxe5 Rxe5 21. Qc3
Rae8 22. h3 Re2 23. Rfe1 R8e3 24. Qxe3 Rxe3 25. Rxe3 h6 26. Rae1 Kh7 27. R1e2
Qa3 28. Re7 Qc1+ 29. Re1 Qc3 30. R1e3 1/2-1/2

[Event "Best of 3"]
[Site "http://www.queenalice.com/game.php?id=827995"]
[Date "2010.9.4"]
[Round "-"]
[White "krazyking"]
[Black "scaramouche"]
[Result "1/2-1/2"]
[WhiteElo "1800"]
[BlackElo "1832"]

1. e4 c5 2. Bc4 e6 3. Nc3 a6 4. a3 Nc6 5. Nf3 Bd6 6. d3 Ne5 7. Nxe5 Bxe5 8. Bd2
Nf6 9. Bg5 Qb6 10. Bxf6 Bxf6 11. Qd2 O-O 12. Rb1 Bd4 13. O-O d6 14. Ba2 Qd8 15.
Ne2 Bf6 16. c3 b5 17. Qc2 Bb7 18. Ng3 d5 19. exd5 exd5 20. Rfe1 c4 21. dxc4 dxc4
22. Rbd1 Qb6 23. Bb1 g6 24. Qc1 Rae8 25. Rxe8 Rxe8 26. Re1 Rxe1+ 27. Qxe1 Kg7
28. Be4 Bh4 29. Bxb7 Qxb7 30. Qe5+ Bf6 31. Qe3 Qd5 32. Qe2 a5 33. Ne4 a4 34.
Nxf6 Kxf6 35. h3 1/2-1/2

[Event "Best of 3"]
[Site "http://www.queenalice.com/game.php?id=827996"]
[Date "2010.9.4"]
[Round "-"]
[White "krazyking"]
[Black "scaramouche"]
[Result "0-1"]
[WhiteElo "1745"]
[BlackElo "1818"]

1. d4 d5 2. Nc3 e6 3. Nf3 Nc6 4. Bf4 Nf6 5. a3 a6 6. h3 Bd6 7. Bxd6 cxd6 8. e3
O-O 9. Qd2 e5 10. O-O-O e4 11. Nh2 Be6 12. f3 b5 13. Qf2 b4 14. axb4 Nxb4 15.
fxe4 Qa5 16. Kd2 Nxe4+ 17. Nxe4 dxe4 18. c3 Nd5 19. Bc4 Nxe3 20. Qxe3 Bxc4 21.
Ra1 Qd5 22. Rhg1 Rab8 23. b4 Bd3 24. Ng4 Qb3 25. Rgc1 d5 26. Nf2 Qc4 27. Nxd3
exd3 28. Qxd3 Qxd3+ 29. Kxd3 Rb6 30. Ra5 Rd8 31. Rb1 g6 32. b5 axb5 33. Rbxb5
Rbd6 34. Rc5 h5 35. Ra7 Kg7 36. Rcc7 Rf6 37. c4 dxc4+ 38. Kxc4 Rdd6 39. Kc5 Rde6
40. d5 Re5 41. Rd7 h4 42. Rac7 Ref5 43. Rc6 Kh6 44. Rxf6 Rxf6 45. Rd6 Rf2 46.
Rd8 Kg7 47. d6 Rc2+ 48. Kd5 Rd2+ 49. Kc6 Rc2+ 50. Kb7 Rb2+ 51. Kc7 Rc2+ 52. Kd7
Kf6 53. Ke8 Re2+ 54. Kf8 Rxg2 55. d7 Rd2 56. Ke8 Ke6 57. Kf8 Rxd7 58. Rxd7 Kxd7
59. Kxf7 g5 60. Kf6 g4 61. hxg4 h3 62. g5 h2 63. g6 h1=Q 64. g7 Qh6+ 65. Kf7
Qe6+ 0-1

[Event "Challenge"]
[Site "http://www.queenalice.com/game.php?id=836820"]
[Date "2010.9.23"]
[Round "-"]
[White "ORNELAS"]
[Black "krazyking"]
[Result "1-0"]
[WhiteElo "1732"]
[BlackElo "1801"]

1. b3 e5 2. Bb2 Nc6 3. e4 d6 4. c3 Nf6 5. d3 Be7 6. g3 O-O 7. Bg2 Re8 8. Nf3 Bg4
9. Nbd2 d5 10. b4 dxe4 11. dxe4 Nxe4 12. Nxe4 Bxf3 13. Bxf3 Qxd1+ 14. Rxd1 f5
15. Nc5 Bxc5 16. bxc5 e4 17. Bg2 Re7 18. O-O Ne5 19. Bc1 Nd3 20. Bg5 Re5 21. Be3
c6 22. c4 h6 23. Bd4 Re7 24. Bh3 g6 25. Rd2 Rd8 26. Bf6 Kf7 27. Bxe7 Kxe7 28.
Rb1 Rb8 29. a4 Nxc5 30. a5 Kf8 31. Rd6 Nd3 32. Rf6+ Kg7 33. Rd6 Ne5 34. a6 Nf7
35. Rd7 b5 36. c5 Ra8 37. Rc7 g5 38. Bxf5 1-0

[Event "QA-ANNIV-05"]
[Site "http://www.queenalice.com/game.php?id=841269"]
[Date "2010.10.3"]
[Round "6"]
[White "thw"]
[Black "krazyking"]
[Result "1-0"]
[WhiteElo "1918"]
[BlackElo "1782"]

1. e4 e5 2. Nf3 Nc6 3. Bb5 Nge7 4. O-O a6 5. Ba4 b5 6. Bb3 d6 7. d4 h6 8. dxe5
dxe5 9. Qxd8+ Kxd8 10. Bxf7 Bb7 11. Rd1+ Kc8 12. Nc3 Nd8 13. Nxe5 Bxe4 14. Nxe4
Nxf7 15. Nxf7 Rg8 16. Rd8+ Kb7 17. Nc5+ Ka7 18. Rxa8+ Kxa8 19. Nxa6 Kb7 20. Nc5+
Kc6 21. Ne6 Ng6 22. Nxf8 Rxf8 23. Nxh6 gxh6 24. Bxh6 Re8 25. Be3 Re4 26. Rd1 Ne5
27. Rd4 1-0

[Event "AUTO-OPEN-2125"]
[Site "http://www.queenalice.com/game.php?id=842470"]
[Date "2010.10.6"]
[Round "1"]
[White "guischerer"]
[Black "krazyking"]
[Result "0-1"]
[WhiteElo "1211"]
[BlackElo "1752"]

1. h4 e5 2. Nf3 Nc6 3. g3 e4 4. Ng5 h6 5. Nxe4 Nf6 6. Nbc3 Bb4 7. a4 Bxc3 8.
bxc3 Nxe4 9. g4 Qf6 10. f3 Ng3 11. Rh3 Nxf1 12. Kxf1 d6 13. d4 h5 14. gxh5 Bxh3+
15. Ke1 Qxh4+ 16. Kd2 Qxh5 17. Qg1 g6 18. c4 O-O-O 19. d5 Ne7 20. a5 a6 21. Bb2
Rhe8 22. f4 Nf5 23. Qf2 Bg4 24. e4 Rxe4 25. Re1 Rxe1 26. Qxe1 Qh2+ 27. Kc1 Qxf4+
28. Kb1 Qxc4 29. Qd2 Re8 30. Qc3 Qxc3 31. Bxc3 Bf3 32. Kc1 Bxd5 33. Kd2 g5 34.
Kd3 g4 35. Be1 Rxe1 36. Kd2 Re5 37. c3 g3 38. Kd3 g2 39. c4 g1=Q 40. cxd5 Qd4+
41. Kc2 Rxd5 42. Kb1 Rc5 43. Ka2 Qb4 44. Ka1 Rxa5# 0-1

[Event "AUTO-OPEN-2125"]
[Site "http://www.queenalice.com/game.php?id=842471"]
[Date "2010.10.6"]
[Round "1"]
[White "krazyking"]
[Black "guischerer"]
[Result "1-0"]
[WhiteElo "1732"]
[BlackElo "1210"]

1. e4 Nf6 2. e5 Nd5 3. c4 Nf4 4. d4 g5 5. g3 Ng6 6. Bd3 b6 7. Nf3 h6 8. Qc2 g4
9. Bxg6 Rg8 10. Be4 e6 11. Bxa8 c6 12. Nfd2 a5 13. O-O Ba6 14. b3 b5 15. Nc3 b4
16. Ne2 f5 17. Bb2 h5 18. Rfe1 Qc7 19. Rac1 Qa7 20. Bxc6 Nxc6 21. d5 exd5 22.
cxd5 Ne7 23. d6 Nc6 24. Qxf5 Bb5 25. Qxh5+ Kd8 26. Qf5 Bh6 27. Qf6+ Kc8 28. Qxh6
Kb7 29. Qe3 Qxe3 30. fxe3 Rf8 31. Nf4 Na7 32. Rc7+ Ka8 33. e6 dxe6 34. Nxe6 Rf5
35. Bd4 Rd5 36. Rxa7+ Kb8 37. d7 Rxd7 38. Rxd7 Bxd7 39. Be5+ Kc8 40. Rc1+ Kb7
41. Rc7+ Kb6 42. Rxd7 Kc6 43. Nc4 Kxd7 44. Nf4 Ke7 45. Nxa5 Kf7 46. Nc6 Kg8 47.
Nxb4 Kh7 48. a4 Kh6 49. a5 Kg5 50. a6 Kf5 51. Bd4 Ke4 52. a7 Kf3 53. a8=Q# 1-0

[Event "AUTO-OPEN-2125"]
[Site "http://www.queenalice.com/game.php?id=842494"]
[Date "2010.10.6"]
[Round "1"]
[White "leoarthur"]
[Black "krazyking"]
[Result "1-0"]
[WhiteElo "2152"]
[BlackElo "1771"]

1. e4 e5 2. Nf3 h6 3. Bc4 Nc6 4. c3 Nf6 5. O-O Nxe4 6. Re1 d5 7. Bb5 Bd7 8. Bxc6
Bxc6 9. Nxe5 Qd6 10. Nxc6 Qxc6 11. d3 Rd8 12. dxe4 dxe4 13. Qg4 Bc5 14. Qxg7 Rf8
15. Bxh6 Rd6 16. Qxf8+ 1-0

[Event "AUTO-OPEN-2125"]
[Site "http://www.queenalice.com/game.php?id=842495"]
[Date "2010.10.6"]
[Round "1"]
[White "krazyking"]
[Black "leoarthur"]
[Result "0-1"]
[WhiteElo "1769"]
[BlackElo "2158"]

1. e4 e5 2. Nf3 Nf6 3. Nxe5 d6 4. Nf3 Nxe4 5. d3 Nf6 6. Bg5 Be7 7. Nc3 O-O 8.
Be2 c6 9. O-O b5 10. Ne4 Nxe4 11. Bxe7 Qxe7 12. dxe4 Qxe4 13. Re1 Qg6 14. Bd3
Qf6 15. c3 Bg4 16. Be2 a6 17. Nd4 Bd7 18. Bg4 c5 19. Bxd7 Nxd7 20. Nf3 Rfd8 21.
Qd5 Nb6 22. Qg5 Qxg5 23. Nxg5 a5 24. Re7 f6 25. Nf3 Rd7 26. Rxd7 Nxd7 27. Nd2
Ne5 28. Rd1 b4 29. Nc4 Nxc4 30. b3 Na3 31. Rxd6 bxc3 32. Rc6 c2 33. Rxc5 Rd8 34.
g3 Rd1+ 0-1

[Event "AUTO-OPEN-2125"]
[Site "http://www.queenalice.com/game.php?id=842510"]
[Date "2010.10.6"]
[Round "1"]
[White "krazyking"]
[Black "joao_messias"]
[Result "0-1"]
[WhiteElo "1742"]
[BlackElo "1886"]

1. e4 e5 2. Nf3 d6 3. h3 Nc6 4. Bb5 Bd7 5. O-O a6 6. Ba4 Nf6 7. Nc3 Qc8 8. Bxc6
Bxc6 9. Re1 Be7 10. d4 exd4 11. Nxd4 O-O 12. Nd5 Bxd5 13. exd5 Re8 14. Bg5 Nxd5
15. Bxe7 Rxe7 16. Rxe7 Nxe7 17. Nf3 Ng6 18. Rc1 Qe6 19. Qd3 Ne5 20. Nxe5 Qxe5
21. c3 Re8 22. Qd2 Qe2 23. Qxe2 Rxe2 24. Rb1 d5 25. Kf1 Rc2 26. Re1 Kf8 27. Re2
Rc1+ 28. Re1 Rxe1+ 29. Kxe1 Ke7 30. Ke2 Ke6 31. Ke3 Ke5 32. f4+ Ke6 33. g4 f5
34. g5 h5 35. h4 c5 36. Kd3 b5 37. b3 Kd6 38. c4 d4 39. a3 bxc4+ 40. bxc4 Kc6
41. a4 Kb6 42. Kc2 Ka5 43. Kb3 g6 44. Ka3 d3 45. Kb3 d2 46. Kc2 Kxa4 47. Kxd2
Kb3 48. Kc1 Kxc4 49. Kd2 Kd4 50. Kc2 c4 51. Kc1 Kd3 0-1

[Event "AUTO-OPEN-2125"]
[Site "http://www.queenalice.com/game.php?id=842511"]
[Date "2010.10.6"]
[Round "1"]
[White "joao_messias"]
[Black "krazyking"]
[Result "1-0"]
[WhiteElo "1906"]
[BlackElo "1734"]

1. e4 e5 2. Nf3 h6 3. d3 Nc6 4. Nc3 Nf6 5. Be2 Bb4 6. Bd2 O-O 7. Nd5 Bxd2+ 8.
Qxd2 Nxd5 9. h3 Nf4 10. O-O-O Nxe2+ 11. Qxe2 d6 12. Nh2 Nd4 13. Qe1 Qg5+ 14. Kb1
Qxg2 15. Qe3 Qxh3 16. Qd2 Nf3 17. Nxf3 Qxf3 18. Rdg1 g5 19. Rxg5+ Kh7 20. Rgh5
Qf4 21. Qxf4 exf4 22. Rxh6+ Kg7 23. R6h4 Be6 24. Rxf4 Rh8 25. Rg1+ Kf8 26. d4
Ke7 27. b3 Rag8 28. Re1 Rg6 29. e5 Rhg8 30. Kb2 Rg4 31. exd6+ cxd6 32. Rxg4 Rxg4
33. d5 Rf4 34. dxe6 fxe6 35. Re2 e5 36. c4 Ke6 37. a4 e4 38. a5 Kd7 39. Kc3 Kc6
40. Kd4 Rf5 41. Kxe4 Re5+ 42. Kd3 Rxa5 43. f4 Rf5 44. Ke4 Rf8 45. f5 Re8+ 46.
Kf3 Re5 47. Rxe5 dxe5 48. Ke4 Kd6 49. c5+ Kxc5 50. Kxe5 Kb4 51. f6 Kxb3 52. f7
b5 53. f8=Q a5 54. Kd4 b4 55. Qf3+ Ka4 56. Qd1+ b3 57. Qa1+ Kb4 58. Qe1+ Ka3 59.
Kc4 1-0

[Event "AUTO-ADV-1926"]
[Site "http://www.queenalice.com/game.php?id=842555"]
[Date "2010.10.6"]
[Round "1"]
[White "joao_messias"]
[Black "krazyking"]
[Result "1-0"]
[WhiteElo "1849"]
[BlackElo "1754"]

1. e4 e5 2. Nf3 h6 3. d3 Nc6 4. Nc3 Bb4 5. Bd2 Nf6 6. a3 Bxc3 7. Bxc3 d6 8. Be2
O-O 9. h3 Re8 10. Bd2 b6 11. Qc1 d5 12. exd5 Qxd5 13. g4 Nd4 14. Qd1 Nxe2 15.
Qxe2 Ba6 16. O-O-O Qa2 17. Bc3 Nd5 18. Kd2 Nxc3 19. Kxc3 Qd5 20. Qe4 Qxe4 21.
dxe4 f6 22. Rd7 c5 23. Nh4 Bc8 24. Rc7 Be6 25. Rd1 a5 26. Nf5 Bxf5 27. gxf5 Kf8
28. Rdd7 Rad8 29. Rf7+ Kg8 30. Rxg7+ Kh8 31. Rh7+ Kg8 32. Rxh6 Rc8 33. Rb7 Rb8
34. Rxb8 Rxb8 35. Rxf6 Kg7 36. Re6 Rh8 37. Rxb6 Rxh3+ 38. Kc4 Rf3 39. Kxc5 Rxf2
40. Kd5 Rxc2 41. Kxe5 Rc5+ 42. Ke6 Rc8 43. f6+ Kf8 44. Rb7 Rc6+ 45. Kf5 Rc5+ 46.
e5 Rc2 47. f7 Rf2+ 48. Ke6 1-0

[Event "AUTO-ADV-1926"]
[Site "http://www.queenalice.com/game.php?id=842556"]
[Date "2010.10.6"]
[Round "1"]
[White "krazyking"]
[Black "joao_messias"]
[Result "1-0"]
[WhiteElo "1732"]
[BlackElo "1823"]

1. e4 e5 2. Nf3 d6 3. Bb5+ Bd7 4. Bxd7+ Nxd7 5. O-O h6 6. Nc3 Ngf6 7. d3 Be7 8.
Re1 Nh7 9. Nd5 c6 10. Nxe7 Qxe7 11. d4 O-O-O 12. Be3 exd4 13. Bxd4 Kb8 14. Bxg7
Rhg8 15. Bxh6 Qf6 16. Bc1 Ne5 17. Nxe5 dxe5 18. Qe2 Ng5 19. Bxg5 Rxg5 20. Rad1
Rdg8 21. g3 Qh6 22. Qe3 Qh3 23. Qf3 Rh5 24. Qg2 Qe6 25. b3 Rh3 26. Rd6 Qg4 27.
Red1 a6 28. Rd8+ Rxd8 29. Rxd8+ Kc7 30. Rd3 Qh5 31. g4 Qh6 32. Rxh3 1-0

[Event "AUTO-ADV-1926"]
[Site "http://www.queenalice.com/game.php?id=842571"]
[Date "2010.10.6"]
[Round "1"]
[White "Blutigeroo"]
[Black "krazyking"]
[Result "1-0"]
[WhiteElo "1909"]
[BlackElo "1755"]

1. g3 e5 2. Bg2 c6 3. e4 Nf6 4. d3 Bb4+ 5. c3 Ba5 6. b4 Bb6 7. Nf3 d6 8. O-O O-O
9. Be3 Bxe3 10. fxe3 Nbd7 11. Nbd2 Rb8 12. d4 Re8 13. Nc4 Nb6 14. Nfd2 Bg4 15.
Qb3 d5 16. Nxe5 dxe4 17. Nxf7 Be6 18. Nxd8 Rbxd8 19. c4 Nc8 20. Nxe4 Nxe4 21.
Bxe4 Bh3 22. Bg2 Bxg2 23. Kxg2 Ne7 24. c5+ Kh8 25. Rf7 Ng6 26. Raf1 h6 27. Rxb7
Re4 28. Rff7 Rde8 29. Rxg7 1-0

[Event "AUTO-ADV-1926"]
[Site "http://www.queenalice.com/game.php?id=842572"]
[Date "2010.10.6"]
[Round "1"]
[White "krazyking"]
[Black "Blutigeroo"]
[Result "0-1"]
[WhiteElo "1767"]
[BlackElo "1875"]

1. e4 e5 2. Nf3 Nc6 3. Bb5 d6 4. Bxc6+ bxc6 5. O-O Be7 6. Nc3 Nf6 7. d3 O-O 8.
Bg5 h6 9. Bh4 Bg4 10. h3 Bh5 11. Nb1 d5 12. Nbd2 Rb8 13. Qb1 g5 14. Bg3 Bg6 15.
Bxe5 dxe4 16. Bxf6 Bxf6 17. Ne1 Rxb2 18. Qc1 exd3 19. cxd3 Rxd2 20. Qxd2 Bxa1
21. Nf3 Bg7 22. Ne1 c5 23. Qa5 Qb8 24. Qxc5 Rd8 25. f4 Bd4+ 0-1

[Event "AUTO-ADV-1926"]
[Site "http://www.queenalice.com/game.php?id=842583"]
[Date "2010.10.6"]
[Round "1"]
[White "krazyking"]
[Black "marcosweck"]
[Result "0-1"]
[WhiteElo "1725"]
[BlackElo "1780"]

1. e4 d6 2. d4 Nf6 3. Nc3 g6 4. Bb5+ c6 5. Ba4 Bg7 6. Nf3 b5 7. Bb3 a5 8. a3 Bg4
9. h3 Bxf3 10. Qxf3 e5 11. dxe5 dxe5 12. O-O O-O 13. Bg5 h6 14. Bxf6 Qxf6 15.
Qxf6 Bxf6 16. Rad1 b4 17. Ne2 Na6 18. Ng3 Nc5 19. Ba2 Bh4 20. Rfe1 Bxg3 21. fxg3
Rad8 22. axb4 axb4 23. b3 Rxd1 24. Rxd1 Nxe4 25. Re1 Nc3 26. Bb1 f5 27. Kf2 Rd8
28. h4 Ra8 29. Rxe5 Nxb1 30. Re6 Kf7 31. Rxc6 Rb8 32. Rc7+ Kg8 33. Kf3 Nc3 34.
g4 f4 35. g3 fxg3 36. Kxg3 Rb6 37. Rc8+ Kf7 38. Rc7+ Kf6 39. Rh7 Ne2+ 40. Kf2
Nd4 41. Rxh6 Kg7 42. g5 Nf5 0-1

[Event "AUTO-ADV-1926"]
[Site "http://www.queenalice.com/game.php?id=842584"]
[Date "2010.10.6"]
[Round "1"]
[White "marcosweck"]
[Black "krazyking"]
[Result "1-0"]
[WhiteElo "1860"]
[BlackElo "1711"]

1. Nf3 d5 2. c4 Bg4 3. cxd5 Bxf3 4. Qa4+ Qd7 5. Qxd7+ Nxd7 6. gxf3 O-O-O 7. e4
e6 8. dxe6 fxe6 9. Nc3 Ngf6 10. d4 e5 11. d5 Nb6 12. Bh3+ Kb8 13. Bg5 Be7 14.
O-O-O h6 15. Bxf6 Bxf6 16. Kb1 g5 17. b3 a6 18. Rd2 Be7 19. Kb2 Rhf8 20. Bf5 Bb4
21. a3 Bxc3+ 22. Kxc3 Nc8 23. h4 Ne7 24. Bg4 Ng6 25. hxg5 hxg5 26. Rh5 Nh4 27.
Rxg5 Rf6 28. Rxe5 Ng6 29. Rf5 Rff8 30. Rxf8 Rxf8 31. Bf5 Ne7 32. Bg4 Ng6 33. Kd4
Rd8 34. Ke3 Rg8 35. Be6 Rf8 36. Bf5 Nh4 37. Bg4 Ng2+ 38. Kd4 Nf4 39. a4 Ng6 40.
a5 Nh8 41. e5 c6 42. d6 Nf7 43. d7 Kc7 44. f4 Nh6 45. f3 Nxg4 46. fxg4 Rxf4+ 47.
Ke3 Rf8 48. e6 Kd8 49. Rf2 Rg8 50. Kf4 Ke7 51. Ke5 Rg5+ 52. Rf5 1-0

[Event "QA-ANNIV-05"]
[Site "http://www.queenalice.com/game.php?id=885860"]
[Date "2011.1.13"]
[Round "7"]
[White "krazyking"]
[Black "J_Ricardo"]
[Result "0-1"]
[WhiteElo "1701"]
[BlackElo "1480"]

1. e4 e5 2. Nf3 d6 3. h3 Nf6 4. Bb5+ c6 5. Bd3 Be7 6. O-O d5 7. exd5 Nxd5 8.
Nxe5 Nd7 9. Nxd7 Bxd7 10. Re1 Be6 11. a3 Qd6 12. Nc3 Bd8 13. Nxd5 cxd5 14. Bb5+
Ke7 15. d4 a6 16. Bd3 Bc7 17. g3 Rhe8 18. Bf4 Qd7 19. Bxc7 Qxc7 20. Qf3 g6 21.
Qxf7+ Kxf7 0-1